[Event "SVK-ch 1st G7 email"]
[Site "Slovakia"]
[Date "2001.??.??"]
[Round "?"]
[White "Dano, Jozef"]
[Black "Chodak, Ivan"]
[Result "0-1"]
[WhiteElo "1600"]
[BlackElo "1714"]
[PlyCount "26"]
[EventDate "2001.??.??"]
[EventType "tourn (corr)"]
[EventRounds "6"]
[EventCountry "SVK"]
[SourceTitle "Corr 2002"]
[Source "ChessBase"]
[SourceDate "2002.05.23"]
[SourceVersion "1"]
[SourceVersionDate "2002.05.23"]
[SourceQuality "1"]

1. e4 Nf6 2. e5 Nd5 3. d4 d6 4. Nf3 Bg4 5. Be2 c6 6. 0-0 Bxf3 7. Bxf3 dxe5 8. dxe5 e6 9. Nd2 Nd7 10. Re1 Qc7 11. Nc4 N7b6 12. Qe2 Nxc4 13. Qxc4 0-0-0 0-1

[Event "SVK-ch 1st G7 email"]
[Site "Slovakia"]
[Date "2001.??.??"]
[Round "?"]
[White "Kopnicky, Frantisek"]
[Black "Chodak, Ivan"]
[Result "1-0"]
[WhiteElo "2181"]
[BlackElo "1714"]
[PlyCount "43"]
[EventDate "2001.??.??"]
[EventType "tourn (corr)"]
[EventRounds "6"]
[EventCountry "SVK"]
[SourceTitle "Corr 2002"]
[Source "ChessBase"]
[SourceDate "2002.05.23"]
[SourceVersion "1"]
[SourceVersionDate "2002.05.23"]
[SourceQuality "1"]

1. e4 Nf6 2. e5 Nd5 3. c4 Nb6 4. c5 Nd5 5. Bc4 e6 6. d4 b6 7. cxb6 axb6 8. Nf3 Ba6 9. Bxa6 Nxa6 10. 0-0 Be7 11. Nc3 Nab4 12. Bd2 c6 13. Na4 b5 14. Nc5 0-0 15. Re1 h6 16. Qb3 Na6 17. Rac1 Bxc5 18. dxc5 Nac7 19. Re4 Ne8 20. a3 Nec7 21. Rg4 Kh8 22. Bxh6 1-0